| 000 | 01660nam a2200325 a 4500 | ||
|---|---|---|---|
| 001 | 000040987 | ||
| 003 | DO-SdBNP | ||
| 005 | 20220623120433.0 | ||
| 007 | 000040987 | ||
| 008 | 130912s2012 xxuacf 001 0 spa d | ||
| 020 | _a9781611775655 | ||
| 040 |
_aBPMSU _bspa _cBPMSU |
||
| 082 |
_a928.973 _bH875po 2012 _222 |
||
| 100 | 1 |
_aHubbard, L. Ronald _d1911-1986 |
|
| 245 | 1 | 0 |
_a Por la libertad : _bartículos y ensayos / _cL. Ronald Hubbard. |
| 246 | 1 | 3 | _aLa colección de L. Ronald Hubbard |
| 260 |
_aCommerce, California : _bBridge Publications, _c2012. |
||
| 300 |
_a357 p. : _bil. retr., lam. ; _c31 cm. |
||
| 490 | 1 | _a L. Ronald Hubbard | |
| 500 | _aIncluye índice temático | ||
| 500 | _aIncluye glosario | ||
| 500 | _aTraducción de: Ron : the L. Ron Hubbard series : the complete biographical encyclopedia, 2012 | ||
| 505 | 0 |
_tPor la libertad : artículos y ensayos -- _tUna introducción a L. Ronald Hubbard -- _tSobre el gobierno -- _tSobre la justicia y la jurisprudencia -- _tSobre la economía -- _tSobre la subversión psiquiátrica -- |
|
| 520 | _aCubre las muchas facetas de la vida de L. Ron Hubbard. Incluye su trabajo como novelista y poeta; compositor; como el fundador de la Cienciología; un explorador, y sus intereses en la humanidad y su mejoramiento; la ecología y la educación. Las obras consisten principalmente de escritos de Hubbard que muestran su vida | ||
| 590 | _6Inventariado, 2022/VM | ||
| 600 | 1 | 4 |
_aHubbard, L. Ronald _d1911-1986 _vEnsayos, conferencias, etc. _q |
| 650 | 4 |
_aPoetas estadounidenses _ySiglo XX _xBiografías |
|
| 910 | _aVMateo V./Validado. Control de calidad MFF | ||
| 942 |
_2ddc _cBK |
||
| 999 |
_c8084 _d8084 |
||